Pokémon - Gigamax - Statistiques

Statistiques générales
  • Ce quiz a été pris 23 fois
  • Le résultat moyen est 24 sur 33
Statistiques - réponses
Type 1 Type 2 Région Réponse % Correct
0006 Feu Vol Kanto Dracaufeu
100%
0094 Spectre Poison Kanto Ectoplasma
100%
0003 Plante Poison Kanto Florizarre
100%
0025 Électrik Kanto Pikachu
100%
0009 Eau Kanto Tortank
100%
0068 Combat Kanto Mackogneur
93%
0012 Insecte Vol Kanto Papilusion
93%
0131 Eau Glace Kanto Lokhlass
87%
0052 Normal Kanto Miaouss
87%
0143 Normal Kanto Ronflex
87%
0099 Eau Kanto Krabboss
80%
0884 Acier Dragon Galar Duralugon
73%
0133 Normal Kanto Évoli
73%
0569 Poison Unys Miasmax
73%
0815 Feu Galar Pyrobut
73%
0826 Insecte Psy Galar Astronelle
67%
0842 Plante Dragon Galar Dratatin
67%
0812 Plante Galar Gorythmic
67%
0818 Eau Galar Lézargus
67%
0841 Plante Dragon Galar Pomdrapi
67%
0851 Feu Insecte Galar Scolocendre
67%
0861 Ténèbres Fée Galar Angoliath
60%
0869 Fée Galar Charmilly
60%
0823 Vol Acier Galar Corvaillus
60%
0844 Sol Galar Dunaconda
60%
0809 Acier Alola Melmetal
60%
0839 Roche Feu Galar Monthracite
60%
0849 Électrik Poison Galar Salarsen
60%
0858 Psy Fée Galar Sorcilence
60%
0879 Acier Galar Pachyradjah
53%
0892 Combat Eau Galar Shifours (Mille Poings)
47%
0892 Combat Ténèbres Galar Shifours (Poing Final)
47%
0834 Eau Roche Galar Torgamord
33%
Aucun quiz correspondant
Distribution des résultats
% des personnes avec chaque résultat
Percentile par nombre de réponses
Votre historique - résultats
Vous n’avez pas pris ce quiz